Normal view
MARC view
- Progress.
Entry Topical Term
001 - CONTROL NUMBER
- control field: 12757
003 - CONTROL NUMBER IDENTIFIER
- control field: NUST
005 - DATE AND TIME OF LATEST TRANSACTION
- control field: 20181221042444.0
008 - FIXED-LENGTH DATA ELEMENTS
- fixed length control field: 181221|| aca||aabn | a|a d
040 ## - CATALOGING SOURCE
- Original cataloging agency: NUST
- Transcribing agency: NUST
150 ## - HEADING--TOPICAL TERM
- Topical term or geographic name entry element: Progress.
670 ## - SOURCE DATA FOUND
- Source citation: Work cat.: (NUST)0: Kumar, Krishan, 1942- 12754, Prophecy and progress :, 1978.
